| Tag |
First Indicator |
Second Indicator |
Subfields |
| LEADER |
00000cam a2200000 a 4500 |
| 001 |
in00000018147 |
| 005 |
20151007053151.0 |
| 008 |
860227s1987 nju b 00110 eng |
| 010 |
|
|
|a 86004700
|
| 020 |
|
|
|a 0391033697
|
| 035 |
|
|
|a (OCoLC)13333441
|
| 035 |
|
|
|9 AAB0633AM
|
| 040 |
|
|
|a DLC
|c DLC
|d TXA
|d UtOrBLW
|
| 041 |
1 |
|
|a eng
|h fre
|
| 049 |
|
|
|a TXAM
|c [A11096702]
|
| 050 |
0 |
0 |
|a BH39
|b .D82 1987
|
| 082 |
0 |
|
|a 111/.85
|2 19
|
| 100 |
1 |
|
|a Dufrenne, Mikel.
|
| 245 |
1 |
0 |
|a In the presence of the sensuous :
|b essays in aesthetics /
|c Mikel Dufrenne ; edited and translated by Mark S. Roberts and Dennis Gallagher.
|
| 264 |
|
1 |
|a Atlantic Highlands, NJ :
|b Humanities Press International,
|c 1987.
|
| 300 |
|
|
|a xxv, 213 pages ;
|c 24 cm.
|
| 336 |
|
|
|a text
|b txt
|2 rdacontent
|
| 337 |
|
|
|a unmediated
|b n
|2 rdamedia
|
| 338 |
|
|
|a volume
|b nc
|2 rdacarrier
|
| 490 |
1 |
|
|a Contemporary studies in philosophy and the human sciences
|
| 504 |
|
|
|a "Bibliography of Mikel Dufrenne": pages 199-207.
|
| 504 |
|
|
|a Includes bibliographies and indexes.
|
| 650 |
|
0 |
|a Aesthetics.
|
| 650 |
|
0 |
|a Arts
|x Philosophy.
|
| 650 |
|
0 |
|a Criticism.
|
| 700 |
1 |
|
|a Roberts, Mark S.
|
| 700 |
1 |
|
|a Gallagher, Dennis.
|
| 830 |
|
0 |
|a Contemporary studies in philosophy and the human sciences.
|
| 999 |
|
|
|a MARS
|
| 999 |
f |
f |
|s 5d1be4ca-fa64-3fd0-897e-2f6344b134cb
|i 865063bc-2726-3573-b46f-b9f6f997a5ca
|t 0
|
| 952 |
f |
f |
|p ric
|a Texas A&M University
|b Rellis Campus
|c Joint Library Facility
|d Remote Storage
|t 0
|e BH39 .D82 1987
|h Library of Congress classification
|i unmediated -- volume
|m A14811096702
|
| 998 |
f |
f |
|a BH39 .D82 1987
|t 0
|l Remote Storage
|